Missing Word: Disney Channel Series Quiz Stats

 Plays Quiz Updated Jan 20, 2013

Support Sporcle.
Go Orange.
Score 0/16 Timer 03:00
0 Plays Today
Show Missing Word % Correct
_____ MontanaHannah
99%
The Suite _____ of Zack and CodyLife
96.2%
That's So _____Raven
95.2%
Phineas and _____Ferb
93.5%
Wizards of _____ PlaceWaverly
91.2%
Kim _____Possible
88.7%
_____ McGuireLizzie
82.6%
_____ StevensEven
82.3%
Show Missing Word % Correct
Phil of the _____Future
68.1%
_____ With a ChanceSonny
67.1%
_____ in the HouseCory
58.1%
_____ It UpShake
50.5%
The _____ FamilyProud
44%
So _____Random
33.9%
The _____ New SchoolEmperor's
32.4%
_____ HoopsTotally
5.2%

Today's Daily Dose

You're not logged in!

Compare scores with friends on all Sporcle quizzes.
OR
Log In

From the Vault

Capital Location or Not?

by hjckr

It's not enough to just memorize city names - now you have to know where they are on the map.
Remove Ads.
Support Sporcle.
Get the best of Sporcle when you Go Orange. This ad-free experience offers more features, more stats, and more fun while also helping to support Sporcle. Thank you for becoming a member.

Show Comments

Extras

Top Quizzes Today


Score Distribution

Your Account Isn't Verified!

In order to create a playlist on Sporcle, you need to verify the email address you used during registration. Go to your Sporcle Settings to finish the process.

Report this User

Report this user for behavior that violates our Community Guidelines.

Details: